00322pab a2200121 454500008004000000100002200040245004200062260000900104300001300113362001100126650002900137773003400166180718b2009 xxu||||| |||| 00| 0 eng d aDasgupta, Rajaram aTwo approaches to financial inclusion c2009 ap.41-44. a27 Jun aFinancial administration aEconomic and Political Weekly